| 000 | 00778nam a2200217 a 4500 | ||
|---|---|---|---|
| 003 | CBULib | ||
| 005 | 20251111125221.0 | ||
| 008 | 220624s2021 ||||||||||||||||| || u | ||
| 020 | _a9789211172911 | ||
| 040 |
_aCBULib _bEnglish _cCBULib _erda |
||
| 050 | _aUNECE(06)ISD/2021/1 | ||
| 110 | _aUnited Nations Economic Commission for Europe (UNECE) | ||
| 245 | 1 | 0 |
_aInnovation for Sustainable Development : Review of Moldova _cBy United Nations Economic Commission for Europe(UNECE) |
| 260 |
_aGeneva : _bUNITED NATIONS _c2021 |
||
| 300 | _axxii, 125pages : illustrations | ||
| 336 |
_2rdacontent _aText | _btxt |
||
| 337 |
_2rdamedia _aUnmediated | _bn |
||
| 338 |
_2rdacarrier _aVolume _bnc |
||
| 942 |
_2mc _c029 |
||
| 999 |
_c46975 _d46975 |
||